[Event "Aragon-chT Preferente Gr-I"]
[Site "Aragon"]
[Date "2019.03.02"]
[Round "6.47"]
[White "Del Corral Abancens, Alfonso"]
[Black "Turon Perez, David"]
[Result "1-0"]
[WhiteElo "1878"]
[BlackElo "1898"]
[PlyCount "48"]
[EventDate "2019.01.26"]
[EventType "team-tourn"]
[EventRounds "9"]
[EventCountry "ESP"]
[SourceTitle "EXT 2020"]
[Source "ChessBase"]
[SourceDate "2019.10.17"]
[SourceVersion "1"]
[SourceVersionDate "2019.10.17"]
[SourceQuality "1"]
[WhiteTeam "Shatranj"]
[BlackTeam "Tauste"]
[WhiteTeamCountry "ESP"]
[BlackTeamCountry "ESP"]

1. e4 c5 2. d4 cxd4 3. c3 dxc3 4. Nxc3 d6 5. Bc4 Nc6 6. Nf3 Bg4 7. Bxf7+ Kxf7 8. Ng5+ Ke8 9. Qxg4 Qd7 10. Qxd7+ Kxd7 11. Nf7 g6 12. Nxh8 Ke8 13. Nd5 Rc8 14. 0-0 Bg7 15. Nxg6 hxg6 16. f4 Nd4 17. Be3 Nc2 18. Rac1 Bxb2 19. Rb1 Nxe3 20. Nxe3 Bd4 21. Rfe1 Nf6 22. f5 gxf5 23. exf5 Rc2 24. Rxb7 Rc5 1-0

[Event "Aragon-chT Preferente B"]
[Site "Aragon"]
[Date "2014.02.22"]
[Round "5.61"]
[White "Turon Perez, David"]
[Black "Antonano Fedz Quincoces, Avelino"]
[Result "1-0"]
[WhiteElo "1924"]
[BlackElo "2047"]
[PlyCount "75"]
[EventDate "2014.01.25"]
[EventType "team-tourn"]
[EventRounds "9"]
[EventCountry "ESP"]
[SourceTitle "EXT 2015"]
[Source "ChessBase"]
[SourceDate "2014.11.20"]
[SourceVersion "1"]
[SourceVersionDate "2014.11.20"]
[SourceQuality "1"]
[WhiteTeam "Tauste II"]
[BlackTeam "St Casablanca III"]
[WhiteTeamCountry "ESP"]
[BlackTeamCountry "ESP"]

1. d4 e6 2. e4 c5 3. c3 d5 4. e5 Nc6 5. Nf3 Qb6 6. Be2 Nge7 7. Na3 Nf5 8. Nc2 Be7 9. 0-0 0-0 10. dxc5 Bxc5 11. b4 Be7 12. g4 Nh4 13. Nxh4 Bxh4 14. Be3 Qc7 15. f4 f6 16. b5 Na5 17. Bd4 Nc4 18. Bxc4 dxc4 19. Qe2 Bd7 20. a4 Rac8 21. Qe3 b6 22. Qh3 fxe5 23. Bxe5 Qc5+ 24. Bd4 Qe7 25. g5 e5 26. Qxh4 exd4 27. Rae1 Qd6 28. Nxd4 Bf5 29. Re5 Bd3 30. Rfe1 Qa3 31. Nc6 Rxc6 32. bxc6 Qxc3 33. Re8 Rxe8 34. Rxe8+ Kf7 35. c7 Qa1+ 36. Qe1 Qd4+ 37. Qe3 Qxe3+ 38. Rxe3 1-0

[Event "Aragon-chT Preferente"]
[Site "Spain"]
[Date "2010.02.06"]
[Round "3.56"]
[White "Gayan Carceller, Miguel Angel"]
[Black "Turon Perez, David"]
[Result "0-1"]
[WhiteElo "1877"]
[BlackElo "1836"]
[PlyCount "56"]
[EventDate "2010.01.23"]
[EventType "team-swiss"]
[EventRounds "12"]
[EventCountry "ESP"]
[SourceTitle "EXT 2013"]
[Source "ChessBase"]
[SourceDate "2012.11.22"]
[SourceVersion "1"]
[SourceVersionDate "2012.11.22"]
[SourceQuality "1"]
[WhiteTeam "Aragon ONCE"]
[BlackTeam "Tauste"]
[WhiteTeamCountry "ESP"]
[BlackTeamCountry "ESP"]

1. d4 d5 2. Nf3 Nf6 3. c4 c6 4. cxd5 cxd5 5. Nc3 e6 6. Bf4 Bd6 7. Bxd6 Qxd6 8. e3 0-0 9. Bd3 Nbd7 10. 0-0 e5 11. Nb5 Qe7 12. dxe5 Nxe5 13. Nxe5 Qxe5 14. Nd4 Ng4 15. g3 Qh5 16. Nf3 Nf6 17. Nd4 Bg4 18. Be2 Rfe8 19. h4 Rad8 20. Bxg4 Nxg4 21. Nf3 Qg6 22. Rc1 d4 23. Nxd4 Nxe3 24. fxe3 Qxg3+ 25. Kh1 Qh3+ 26. Kg1 Qxe3+ 27. Kg2 Rxd4 28. Rf3 Rd2+ 0-1

[Event "Aragon-ch Primera"]
[Site "Spain"]
[Date "2009.??.??"]
[Round "2"]
[White "Turon Perez, David"]
[Black "Gonzalo Borao, Jorge"]
[Result "0-1"]
[WhiteElo "1794"]
[BlackElo "1753"]
[PlyCount "82"]
[EventDate "2009.??.??"]
[EventType "swiss"]
[EventRounds "9"]
[EventCountry "ESP"]
[SourceTitle "EXT 2013"]
[Source "ChessBase"]
[SourceDate "2012.11.22"]
[SourceVersion "1"]
[SourceVersionDate "2012.11.22"]
[SourceQuality "1"]

1. e4 e5 2. d4 exd4 3. Qxd4 Nc6 4. Qe3 b6 5. Nc3 Bb7 6. Bd2 Bc5 7. Qg3 Qf6 8. Nf3 Bd6 9. Qh3 Nge7 10. 0-0-0 0-0-0 11. Nb5 Bf4 12. e5 Bxd2+ 13. Rxd2 Qf4 14. Be2 Ng6 15. g3 Qb4 16. a3 Qe7 17. Rhd1 a6 18. Nc3 Ngxe5 19. Nxe5 Nxe5 20. f4 Ng6 21. Rxd7 Qe3+ 22. Kb1 Rxd7 23. Rxd7 Kb8 24. Rxf7 Qg1+ 25. Ka2 Bc8 26. Qf1 Be6+ 27. Bc4 Qxf1 28. Bxe6 Qf2 29. Bf5 Qxh2 30. Nd5 Rd8 31. Nxc7 Qe2 32. Bd3 Rxd3 33. Nxa6+ Kc8 34. Rc7+ Kd8 35. cxd3 Qxd3 36. Ra7 Ne7 37. g4 Qc4+ 38. Kb1 Qxf4 39. Nb4 Qxg4 40. Kc1 h5 41. Rb7 Qg1+ 0-1